| 000 | 01110cad a22002175a 4500 | ||
|---|---|---|---|
| 001 | L153406 | ||
| 008 | 110721e20100712xxkd f s f000 0 eng d | ||
| 035 | _a(Sirsi) u153406 | ||
| 041 | 0 | _aeng | |
| 110 | 1 |
_aUnited Kingdom _bDepartment for Communities and Local Government _94939 |
|
| 245 | 0 | 0 |
_aWithdrawal of structural design standards (British Standards) and updating approved documents A and C _h[electronic resource] |
| 260 |
_aLondon _bDCLG _c2010 |
||
| 520 | _aA letter published by the Department of Communities and Local Government for building control bodies explaining the introduction of Eurocodes. The letter includes information on how the Building Regulations Approved Documents were affected by the Eurocodes in March 2010 and further information. | ||
| 521 | _aAdvanced | ||
| 590 | _aKA | ||
| 651 | 4 |
_aUnited Kingdom _y |
|
| 690 | _aBUILT ENVIRONMENT-BUILDING STANDARDS | ||
| 690 | _aBUILT ENVIRONMENT-CONSTRUCTION DESIGN | ||
| 856 | 4 | 0 |
_uhttps://www.communities.gov.uk/documents/planningandbuilding/pdf/1454859.pdf _zView this item free of charge at www.communities.gov.uk |
| 942 | _n0 | ||
| 999 |
_c112500 _d112500 |
||